Обоснование энергетических и теплофизических характеристик реактора СМ при модернизации активной зоны: автореферат диссертации на соискание ученой степени кандидата физико-математических наук; спец. 01.04.14

Bibliografische gegevens
Hoofdauteur: Чертков Ю. Б. Юрий Борисович
Coauteur: Томский политехнический университет (ТПУ)
Andere auteurs: Старков В. А. Владимир Александрович (научный руководитель)
Samenvatting:Защита сост. 17.03.2009 г.
Taal:Russisch
Gepubliceerd in: Томск, 2009
Onderwerpen:
Formaat: Boek
KOHA link:https://koha.lib.tpu.ru/cgi-bin/koha/opac-detail.pl?biblionumber=164899

MARC

LEADER 00000nam0a2200000 4500
001 164899
005 20231228114532.0
035 |a (RuTPU)RU\TPU\book\178895 
090 |a 164899 
100 |a 20090911d2009 k y0rusy50 ca 
101 0 |a rus 
102 |a RU 
105 |a a dm 001zy 
200 1 |a Обоснование энергетических и теплофизических характеристик реактора СМ при модернизации активной зоны  |e автореферат диссертации на соискание ученой степени кандидата физико-математических наук  |e спец. 01.04.14  |f Ю. Б. Чертков 
210 |a Томск  |d 2009 
215 |a 22 с.  |c ил. 
300 |a Защита сост. 17.03.2009 г. 
320 |a Библиогр.: с. 17-21 (41 назв.). 
606 1 |a Ядерные реакторы  |x Активная зона  |2 stltpush  |3 (RuTPU)RU\TPU\subj\68637  |9 83833 
610 1 |a нейтронно-физические расчеты 
610 1 |a модернизация 
610 1 |a экспериментальные работы 
610 1 |a регуляторы 
610 1 |a тепловые нейтроны 
610 1 |a быстрые нейтроны 
610 1 |a потоки 
610 1 |a плотность 
610 1 |a ТВЭЛы 
610 1 |a работоспособность 
610 1 |a расчетно-экспериментальное обоснование 
610 1 |a авторефераты диссертаций 
610 1 |a труды учёных ТПУ 
675 |a 621.039.519(04)  |v 3 
686 |a 01.04.14  |2 oksvnk 
700 1 |a Чертков  |b Ю. Б.  |c физик  |c доцент Томского политехнического университета, кандидат физико-математических наук  |f 1948-  |g Юрий Борисович  |3 (RuTPU)RU\TPU\pers\26469  |9 12172 
702 1 |a Старков  |b В. А.  |g Владимир Александрович  |4 727 
712 0 2 |a Томский политехнический университет (ТПУ)  |c (1991- )  |3 (RuTPU)RU\TPU\col\376 
801 1 |a RU  |b 63413507  |c 20090911 
801 2 |a RU  |b 63413507  |c 20200204  |g RCR 
942 |c BK